000 00644nam a22002417a 4500
003 UA-OsUOA
001 21025
007 ta
008 20031111b un ||||| |||| 00| 0 ukr d
100 _aАвтономов П. Ф.
090 _a94(477).09
_bА22
942 _cBK
040 _aUA-OsUOA
_brus
_cUA-OsUOA
_dUA-OsUOA
245 _aГероїчний Київ
_cП. Ф. Автономов; Сост.Сост.
300 _a240 с.
955 _a0
041 _arus
080 _a94(477).09
260 _aКиїв
_bВид-во політ. літератури України
_c1982
044 _aUA
650 7 _2UDC
999 _c307217
_d307217